| 000 | 00806am a2200265a 44500 | ||
|---|---|---|---|
| 003 | AR-BaBNM | ||
| 005 | 20251128211158.0 | ||
| 008 | 173020s1980 #AR|||||||||||000 | spa|| | ||
| 040 | _cAR-BaBNM | ||
| 110 | 1 | _aBuenos Aires | |
| 111 | _a[Códigos] | ||
| 245 | 1 | 0 | _aCódigo de participación política para la Ciudad Autónoma de Buenos Aires |
| 260 |
_aBuenos Aires _c1980 _b[s.n.] |
||
| 300 | _a107 p. | ||
| 500 | _aPresentado el día 3 de junio de 1999 en la Legislatura de la Ciudad Autónoma de Buenos Aires | ||
| 650 | 4 | _aHISTORIA POLITICA | |
| 650 | 4 | _aPARTICIPACION POLITICA | |
| 650 | 4 | _aCIENCIAS POLITICAS | |
| 650 | 4 | _aFINANCIACION | |
| 650 | 4 | _aSISTEMAS ELECTORALES | |
| 651 | 4 | _aBuenos Aires [Capital Federal] | |
| 700 | 1 | _aArgüello, Jorge | |
| 942 | _cBK | ||
| 998 | _cMariana | ||
| 999 |
_c18590 _d18590 |
||